Statistics for Sith Lords by Picture

Click here to take the quiz!

General Stats

  • This quiz has been taken 47 times
  • The average score is 8 of 10

Answer Stats

Answer% Correct
Darth Maul
100%
Darth Vader
91%
Darth Sidious
82%
Darth Bane
76%
Darth Revan
76%
Darth Tyranus
76%
Darth Plagueis
73%
Darth Nihilus
69%
Darth Malgus
64%
Darth Tenebrous
51%

Score Distribution

Percentile by Number Answered

Percent of People with Each Score

Your Score History

You have not taken this quiz